000 00698nam a22002177a 4500
003 UA-OsUOA
001 121696
007 ta
008 20170327b un ||||| |||| 00| 0 ukr d
100 _aТарасюк Н.
090 _a82
_bТ19
942 _cSA
040 _aUA-OsUOA
_bukr
_cUA-OsUOA
_dUA-OsUOA
245 _aОбраз Богдана Хмельницького. Творчість Проспера Меріме й Ліни Костенко
300 _aС.75-84
955 _a0
041 _aukr
080 _a82
773 0 _w121694
_tУкраїнська мова та література
_dК.
_d2017
_g6
650 7 _a82 Література. Літературознавство
_2UDC
999 _c408117
_d408117